25 najjaśniejszych gwiazd widzianych z Ziemi - Statystyki

Ogólne statystyki
  • Ten quiz został rozwiązany 24 razy
  • Średni wynik to 10 z 25
Statystyki odpowiedzi
Jasność w skali magnitudo Odpowiedź % Poprawnych
-1,44 Syriusz
100%
-26,73 Słońce
91%
0,87 Aldebaran
73%
0,45 Betelgeza
73%
0,18 Rigel
73%
0,03 Wega
73%
-0,05 Arktur
64%
-0,62 Kanopus
64%
1,25 Deneb
55%
0,71 Kapella
55%
1,16 Polluks / Pollux
55%
0,76 Altair
45%
0,4 Procjon
45%
1,35 Regulus
36%
-0,01 Alfa Centauri (A)
27%
1,06 Antares
27%
0,45 Achernar
18%
1,50 Adara
18%
0,98 Spica
18%
1,40 Acrux
9%
1,35 Alfa Centauri (B)
9%
1,17 Fomalhaut
9%
0,61 Hadar
9%
0,96 Alfa Aurigae (B)
0%
1,25 Mimosa
0%
Nie znaleziono quizów pasujących do podanych kryteriów
Rozkład punktacji
Procent ludzi z każdym wynikiem
Percentyl według liczby udzielonych odpowiedzi
Twoja historia wyników
Nie rozwiązałeś tego quizu